000 00581nam a22001937a 4500
003 0
005 20230925135304.0
008 230925b xxu||||| |||| 00| 0 eng d
020 _a978-981-124-317-2
050 _aQC 21.3
_b.B45 2022
100 _aBellantoni, Leo
245 _aModern physics : the scenic route
_cLeo Bellantoni
260 _aLondon
_bWorld Scientific Publishing Co., Pte. Ltd.
_cc2022.
300 _axiii, 190 pages ;
_c23 cm.
500 _aPhysics.
504 _aIncludes bibliographical references and index.
650 _aPhysics.
942 _2lcc
_cBK
999 _c365385
_d365385